000 00532cam a2200145 4500500
005 20260322001621.0
041 _afre
042 _adc
100 1 0 _aDreyfus, Arthur
_eauthor
245 0 0 _a“L’Inconscient inculqué à mon ordinateur”, le “roman du mois” chroniqué par Arthur Dreyfus
260 _c2025.
500 _a63
786 0 _nPhilosophie magazine | 189 | 5 | 2025-05-01 | p. 52-52 | 1951-1787
856 4 1 _uhttps://shs.cairn.info/magazine-philosophie-magazine-2025-5-page-52?lang=fr&redirect-ssocas=7080
999 _c1716341
_d1716341